Normal view
MARC view
- إدارة الأعمال -- معجم مصطلحات -- الإدارة العامة -- معجم مصطلحات
Entry Topical Term
001 - CONTROL NUMBER
- control field: 27544
003 - CONTROL NUMBER IDENTIFIER
- control field: JO-AjAnu
005 - DATE AND TIME OF LATEST TRANSACTION
- control field: 20230606074658.0
008 - FIXED-LENGTH DATA ELEMENTS
- fixed length control field: 230606|| aca||aabn | a|a d
040 ## - CATALOGING SOURCE
- Original cataloging agency: JO-AjAnu
- Transcribing agency: JO-AjAnu
150 ## - HEADING--TOPICAL TERM
- Topical term or geographic name entry element: إدارة الأعمال -- معجم مصطلحات -- الإدارة العامة -- معجم مصطلحات
670 ## - SOURCE DATA FOUND
- Source citation: Work cat.: (JO-AjAnu)14144: تأليف الخالدي، إبراهيم بدر شهاب, author 27543, معجم الإدارة : موسوعة إدارية شاملة لمصطلحات الإدارة العامة وإدارة الأعمال